Dolores : carta topográfica /

Carta topográfica de la región circundante a Dolores, Nayarit. Cubre, hacia el norte, Rancho Viejo; al sur, Tierras Coloradas; al este, la Laguna Sagrada, y al oeste, Los Zorrillos, todas ellas, localizadas en el estado de Zacatecas.

محفوظ في:
التفاصيل البيبلوغرافية
مؤلف مشترك: Instituto Nacional de Estadística, Geografía e Informática
التنسيق: خريطة
الطبعة:2a edición
سلاسل:(Carta Topográfica)
الموضوعات:
الوسوم: إضافة وسم
لا توجد وسوم, كن أول من يضع وسما على هذه التسجيلة!

MARC

LEADER 00000nem^a2200000^a^4500
001 000156687
005 20250521000000.0
009 20260310100511.668
037 |a Acervo ITESO - Biblioteca 
041 |a GRA 
093 |a F-13-B-71 
110 |a Instituto Nacional de Estadística, Geografía e Informática 
240 1 1 |a [Dolores, materiales cartográficos] 
245 1 0 |a Dolores :  |b carta topográfica /  |c INEGI. 
250 |a 2a edición 
255 |a Escala 1 : 50 000 ;  |b Proyección Universal Transversa de Mercator 
264 |a Aguascalientes, México :  |b Instituto Nacional de Estadística, Geografía e Informática, Dirección General de Geografía,  |c 2003 
300 |a 1 mapa 
336 |a imagen cartográfica estática  |b cri  |2 rdacontenido 
337 |a sin mediación  |b n  |2 rdamedio 
338 |a mapa  |b nz  |2 rdasoporte 
440 1 |a (Carta Topográfica) 
520 |a Carta topográfica de la región circundante a Dolores, Nayarit. Cubre, hacia el norte, Rancho Viejo; al sur, Tierras Coloradas; al este, la Laguna Sagrada, y al oeste, Los Zorrillos, todas ellas, localizadas en el estado de Zacatecas. 
522 |a Cartas adyacentes: F13A69, F13B61, F13B62, F13A79, F13B72, F13A89, F13B81, F13B82 
522 |a Vegetación predominante: vegetación silvestre 
522 |a Carta formada por métodos fotogramétricos a partir de fotografías obtenidas en enero de 1994 
546 |a Edición gráfica con texto en español 
649 |a XX 
650 |a Topografía -  |z México 
650 |a Laguna Sagrada 
650 |a Río San Blasito 
650 |a Dolores, Nayarit 
650 |a Nayarit -  |x Mapas 
650 |a Los Zorrillos, Nayarit -  |x Mapas 
650 |a El Chalote, Nayarit -  |x Mapas 
650 |a Tierras Coloradas, Nayarit -  |x Mapas 
650 |a Santa Gertrudis, Nayarit -  |x Mapas 
650 |a Rancho Viejo, Nayarit -  |x Mapas 
650 |a México -  |x Mapas 
910 |a Fondo General 
920 |a Gráficos - Mapas 
905 |a 503 
901 |a 0500047907  |b IT2  |c MAP  |u 20250521 
902 |a https://opac.biblio.iteso.mx/vufind/Record/000156687